Klastre - ich špecifiká a štruktúra

Problematika klastrov, základné špecifiká a štruktúra. Dôležité prvky klastra, ktoré podporujú jeho aktivity a napomáhajú tak k jeho úspešnému fungovaniu. Ekonomický rozvoj a vytváranie efektívnej hospodárskej a klastrovej politiky.

Na minha lista:
Detalhes bibliográficos
Autor principal: Spišáková, Emília, 1983-
Outros Autores: Kišo, Štefan
Formato: Capítulo de Livro
Idioma:eslovaco
Assuntos:
Tags: Adicionar Tag
Sem tags, seja o primeiro a adicionar uma tag!

MARC

LEADER 00000nla a2200000 4500
001 0186924
005 20240502073207.3
041 0 |a slo 
044 |a SK 
245 1 0 |a Klastre - ich špecifiká a štruktúra  |c Emília Spišáková, Štefan Kišo 
520 |a Problematika klastrov, základné špecifiká a štruktúra. Dôležité prvky klastra, ktoré podporujú jeho aktivity a napomáhajú tak k jeho úspešnému fungovaniu. Ekonomický rozvoj a vytváranie efektívnej hospodárskej a klastrovej politiky. 
610 2 0 |a klaster 
610 2 0 |a formy organizačné nadpodnikové 
610 2 0 |a združenia podnikov 
610 2 0 |a rozvoj regionálny 
610 2 0 |a ekonomika regionálna 
610 2 0 |a Slovensko 
100 1 |a Spišáková, Emília, 1983- 
700 1 |a Kišo, Štefan